| 000 | 00000nam##2200000za#4500 |
| 001 | 9.605996 |
| 003 | CaOODSP |
| 005 | 20210624212412 |
| 007 | cr ||||||||||| |
| 008 | 150406|2005||||xxc|||||o f|0| 0 fre|d |
| 040 | |aCaOODSP|bfre |
| 043 | |an-cn--- |
| 086 | 1 |aBT31-2/2006-III-118F-PDF |
| 110 | 1 |aCanada. |bConseil du trésor. |
| 245 | 10|aMinistère des Affaires étrangères et du Commerce international (Commerce international) |h[ressource électronique] |
| 260 | |aOttawa - Ontario : |bSecrétariat du Conseil du Trésor du Canada |c2005. |
| 300 | |a54p.|borganigramme, tableaux, photographies |
| 490 | 1 |aBudget des dépenses 2005-2006. Partie III, Rapport sur les plans et les priorités |
| 590 | |a13-19-Supp|b2013-08-14 |
| 775 | 08|tDepartment of Foreign Affairs and International Trade (International Trade) |w(CaOODSP)9.577187 |
| 776 | 0#|tMinistère des Affaires étrangères et Commerce international (Commerce international) |w(CaOODSP)9.540891 |
| 776 | 0#|tDepartment of Foreign Affairs and International Trade (International Trade) |w(CaOODSP)9.540890 |
| 830 | #0|aBudget des dépenses 2005-2006. Partie III, Rapport sur les plans et les priorités.|w(CaOODSP)9.501323 |
| 856 | 40|ahttp://publications.gc.ca|qPDF|s5.32 Mo|uhttps://publications.gc.ca/collections/Collection/BT31-2-2006-III-118F.pdf |